000
00317nam a22001337a 4500
008
181011b xxu||||| |||| 00| 0 eng d
020
_a
9780195440201
041
_a
eng
080
_2
2nd
_a
330
100
_a
52
101
_a
MBE
245
_a
Introduction to International Development
_c
Haslam, P.A
942
_2
udc
_c
BK
999
_c
49406
_d
49406